[Event "FRM-ch op"]
[Site "Skopje"]
[Date "2022.05.03"]
[Round "7"]
[White "Hristovski, Srdzan"]
[Black "Xheladini, Valton"]
[Result "1-0"]
[WhiteElo "2053"]
[BlackElo "1455"]
[PlyCount "79"]
[EventDate "2022.04.29"]
[EventType "swiss"]
[EventRounds "9"]
[EventCountry "MKD"]
[SourceTitle "CBM 208 Extra"]
[Source "ChessBase"]
[SourceDate "2022.07.31"]
[SourceVersion "1"]
[SourceVersionDate "2022.07.31"]
[SourceQuality "1"]

1. d4 Nf6 2. c4 e6 3. Nf3 b6 4. Nc3 Bb7 5. Bg5 Bb4 6. e3 h6 7. Bh4 g5 8. Bg3 Ne4 9. Qc2 d6 10. Bd3 Bxc3+ 11. bxc3 f5 12. c5 dxc5 13. Bxe4 Bxe4 14. Qb3 Bd5 15. c4 Bxf3 16. gxf3 cxd4 17. Be5 Rh7 18. Bxd4 Nd7 19. Qb5 c5 20. Bc3 Qc7 21. Rd1 0-0-0 22. Ke2 g4 23. fxg4 fxg4 24. Qb1 Rf7 25. Qe4 Rdf8 26. f4 gxf3+ 27. Kf2 Rg8 28. Qxe6 Rg2+ 29. Kf1 Rxh2 30. Rg1 Rg2 31. Rxg2 fxg2+ 32. Kxg2 Qb7+ 33. e4 Rf8 34. Rd5 Rd8 35. Be5 h5 36. Bg3 Rh8 37. Rd6 h4 38. Bf4 h3+ 39. Kh2 Rf8 40. Rc6+ 1-0

[Event "Skopje op"]
[Site "Skopje"]
[Date "2019.12.09"]
[Round "6"]
[White "Ajrula, Adnan"]
[Black "Hristovski, Srdzan"]
[Result "0-1"]
[WhiteElo "1811"]
[BlackElo "2139"]
[PlyCount "66"]
[EventDate "2019.12.06"]
[EventType "swiss"]
[EventRounds "9"]
[EventCountry "MKD"]
[SourceTitle "CBM 193 Extra"]
[Source "ChessBase"]
[SourceDate "2020.01.31"]
[SourceVersion "1"]
[SourceVersionDate "2020.01.31"]
[SourceQuality "1"]

1. d4 d5 2. c4 e6 3. Nc3 Nf6 4. Bg5 Nbd7 5. cxd5 exd5 6. e3 c6 7. Nf3 Bd6 8. Be2 0-0 9. 0-0 Re8 10. Bd3 Nf8 11. Qc2 Bg4 12. Nd2 Bh5 13. e4 Bxh2+ 14. Kh1 dxe4 15. Ncxe4 Bc7 16. Bxf6 gxf6 17. Qc4 f5 18. Ng3 Qh4+ 19. Kg1 Bg6 20. Nf3 Qg4 21. Rfe1 Bxg3 22. fxg3 Qxg3 23. Qc2 f4 24. Rf1 Re3 25. Bxg6 Nxg6 26. Qf2 Rae8 27. Qxg3 fxg3 28. Rad1 Re2 29. Rfe1 Nf4 30. Rxe2 Rxe2 31. Rd2 Rxd2 32. Nxd2 Ne2+ 33. Kf1 Nxd4 0-1

[Event "Hessen-ch op-A"]
[Site "Floersheim"]
[Date "2016.05.07"]
[Round "5"]
[White "Hristovski, Srdzan"]
[Black "Breitwieser, Jasmin"]
[Result "1-0"]
[WhiteElo "2147"]
[BlackElo "1960"]
[PlyCount "95"]
[EventDate "2016.05.05"]
[EventType "swiss"]
[EventRounds "7"]
[EventCountry "GER"]
[SourceTitle "EXT 2022"]
[Source "ChessBase"]
[SourceDate "2021.10.06"]
[SourceVersion "1"]
[SourceVersionDate "2021.10.06"]
[SourceQuality "1"]

1. d4 Nf6 2. c4 c5 3. e3 a6 4. Nc3 e6 5. Nf3 d5 6. cxd5 exd5 7. Be2 Nc6 8. 0-0 Bd6 9. dxc5 Bxc5 10. b3 0-0 11. Bb2 Ba7 12. Qd2 d4 13. exd4 Nxd4 14. Nxd4 Qxd4 15. Rad1 Qh4 16. Bf3 Bg4 17. Bxb7 Rab8 18. Bxa6 Bxd1 19. Nxd1 Rbd8 20. Qc3 Bd4 21. Qc2 Bxb2 22. Qxb2 Qf4 23. Ne3 Ne4 24. g3 Qg5 25. Bb7 Nc5 26. Bg2 h5 27. h4 Qg6 28. Nd5 Rde8 29. b4 Nd3 30. Qc3 Kh8 31. Rd1 Ne5 32. Nf4 Qf5 33. Rd5 Qb1+ 34. Bf1 Qe4 35. Be2 f6 36. Rd4 Qb1+ 37. Kg2 Qxa2 38. Bxh5 Qa8+ 39. Kh2 Rc8 40. Qe3 Rfd8 41. Re4 Rc2 42. Rxe5 fxe5 43. Ng6+ Kh7 44. Nxe5 Rc7 45. Bg6+ Kg8 46. Be4 Qa7 47. Qf4 Rf8 48. Bd5+ 1-0

[Event "Hessenliga 1516"]
[Site "Germany"]
[Date "2015.12.06"]
[Round "4.6"]
[White "Rolf, Marco"]
[Black "Hristovski, Srdzan"]
[Result "0-1"]
[WhiteElo "2023"]
[BlackElo "2147"]
[PlyCount "72"]
[EventDate "2015.09.27"]
[EventType "team-tourn"]
[EventRounds "9"]
[EventCountry "GER"]
[SourceTitle "EXT 2018"]
[Source "ChessBase"]
[SourceDate "2017.10.13"]
[SourceVersion "1"]
[SourceVersionDate "2017.10.13"]
[SourceQuality "1"]
[WhiteTeam "Bad Homburg"]
[BlackTeam "Frankfurt TV"]
[WhiteTeamCountry "GER"]
[BlackTeamCountry "GER"]

1. d4 d5 2. c4 e6 3. Nc3 Nf6 4. cxd5 exd5 5. Bg5 Nbd7 6. e3 Be7 7. Bd3 0-0 8. Qc2 Re8 9. Nf3 c6 10. 0-0 Nf8 11. Ne5 Ng4 12. Bxe7 Qxe7 13. Nxg4 Bxg4 14. Rae1 Qd6 15. f3 Bd7 16. Qf2 Ne6 17. f4 h6 18. h4 f6 19. Ne2 Nf8 20. Ng3 Bg4 21. h5 Be6 22. e4 dxe4 23. Rxe4 Bd5 24. Nf5 Qd7 25. Rxe8 Rxe8 26. Qg3 Kh8 27. Kh1 Bxa2 28. Ra1 Be6 29. Re1 Bxf5 30. Rxe8 Qxe8 31. Bxf5 Qxh5+ 32. Kg1 Qd1+ 33. Kh2 Qxd4 34. Qb3 Qxf4+ 35. Kh1 Qb8 36. Qf7 Nh7 0-1

[Event "Hessenliga 1415"]
[Site "Hessen"]
[Date "2014.12.14"]
[Round "4.7"]
[White "Grienitz Dechau, Kai Oliver"]
[Black "Hristovski, Srdzan"]
[Result "1/2-1/2"]
[WhiteElo "1977"]
[BlackElo "2155"]
[PlyCount "79"]
[EventDate "2014.09.28"]
[EventType "team-tourn"]
[EventRounds "9"]
[EventCountry "GER"]
[SourceTitle "EXT 2016"]
[Source "ChessBase"]
[SourceDate "2015.10.08"]
[SourceVersion "1"]
[SourceVersionDate "2015.10.08"]
[SourceQuality "1"]
[WhiteTeam "Nied"]
[BlackTeam "Frankfurt TV"]
[WhiteTeamCountry "GER"]
[BlackTeamCountry "GER"]

1. e4 Nf6 2. e5 Nd5 3. d4 d6 4. c4 Nb6 5. exd6 exd6 6. Nf3 Be7 7. Be2 Bf5 8. Nbd2 Nc6 9. Nf1 Bf6 10. Ne3 Be4 11. b3 Bxf3 12. Bxf3 Nxd4 13. Bxb7 Rb8 14. Bb2 Nf3+ 15. Qxf3 Bxb2 16. Bc6+ Nd7 17. Rd1 Bc3+ 18. Kf1 0-0 19. Nd5 Be5 20. Bxd7 Qxd7 21. Qe3 c5 22. Qxe5 dxe5 23. Nf6+ gxf6 24. Rxd7 Rfd8 25. Rxd8+ Rxd8 26. Ke2 f5 27. Rc1 Rd4 28. Rc3 f4 29. Rh3 Kg7 30. Rd3 e4 31. Rxd4 cxd4 32. b4 f5 33. a4 Kf7 34. a5 Ke6 35. b5 Kd6 36. b6 axb6 37. axb6 Kc6 38. c5 Kb7 39. Kd2 Kc6 40. Ke2 1/2-1/2

[Event "Karl Mala Memorial op-A 17th"]
[Site "Frankfurt"]
[Date "2014.08.03"]
[Round "6"]
[White "Hristovski, Srdzan"]
[Black "Schmitzer, Klaus"]
[Result "1/2-1/2"]
[WhiteElo "2155"]
[BlackElo "2289"]
[PlyCount "124"]
[EventDate "2014.07.31"]
[EventType "swiss"]
[EventRounds "7"]
[EventCountry "GER"]
[SourceTitle "EXT 2015"]
[Source "ChessBase"]
[SourceDate "2014.11.20"]
[SourceVersion "1"]
[SourceVersionDate "2014.11.20"]
[SourceQuality "1"]

1. d4 e6 2. c4 b6 3. e4 Bb7 4. f3 Bb4+ 5. Nc3 f5 6. e5 Nh6 7. Be3 0-0 8. Qd2 c5 9. Bg5 Qe8 10. Bxh6 gxh6 11. f4 cxd4 12. Qxd4 Nc6 13. Qd2 d6 14. Nf3 Rd8 15. Bd3 dxe5 16. fxe5 Ba6 17. Qe2 Qe7 18. 0-0 Qc5+ 19. Kh1 Nd4 20. Qe3 Nxf3 21. Rxf3 Qxe3 22. Rxe3 f4 23. Rh3 f3 24. Bf1 Bb7 25. Rg3+ Kh8 26. gxf3 Rxf3 27. Bg2 Rxg3 28. hxg3 Bxg2+ 29. Kxg2 Rd2+ 30. Kf3 Bxc3 31. bxc3 Kg7 32. Ke3 Rg2 33. a4 Rxg3+ 34. Kd4 Rg4+ 35. Kd3 Rg3+ 36. Kd4 Rg4+ 37. Kd3 Rg2 38. a5 Kg6 39. axb6 axb6 40. Rb1 Kf5 41. Rxb6 Kxe5 42. Rb5+ Kf4 43. Rh5 e5 44. Rh4+ Kg5 45. Rh3 Kf4 46. Rh4+ Kg5 47. Rh3 Kf4 48. Rh4+ Kg5 49. Rh3 Kf4 50. Rh4+ Kg5 51. Rh3 Kf4 52. Rh4+ Kg5 53. Rh3 Kf4 54. Rh4+ Kg5 55. Rh3 Kf4 56. Rh4+ Kg5 57. Rh3 Kf4 58. Rh4+ Kg5 59. Rh3 Kf4 60. Rh4+ Kg5 61. Rh3 Kf4 62. Rh4+ Kg5 1/2-1/2

[Event "Karl Mala Memorial op-A 17th"]
[Site "Frankfurt"]
[Date "2014.08.01"]
[Round "3"]
[White "Schmitt, Michael"]
[Black "Hristovski, Srdzan"]
[Result "1/2-1/2"]
[WhiteElo "1999"]
[BlackElo "2155"]
[PlyCount "91"]
[EventDate "2014.07.31"]
[EventType "swiss"]
[EventRounds "7"]
[EventCountry "GER"]
[SourceTitle "EXT 2015"]
[Source "ChessBase"]
[SourceDate "2014.11.20"]
[SourceVersion "1"]
[SourceVersionDate "2014.11.20"]
[SourceQuality "1"]

1. e4 Nf6 2. e5 Nd5 3. d4 d6 4. Nf3 Bg4 5. Be2 e6 6. 0-0 Be7 7. c4 Nb6 8. exd6 cxd6 9. b3 d5 10. Bb2 Nc6 11. c5 Nd7 12. a3 a5 13. Qd2 Bf6 14. b4 axb4 15. axb4 Rxa1 16. Bxa1 0-0 17. Bc3 Qa8 18. b5 Ne7 19. Qb2 Qa4 20. Bd1 Qa7 21. b6 Qb8 22. Nbd2 Nc6 23. Bb3 Rd8 24. Ra1 Bf5 25. Ba4 Bd3 26. Bxc6 bxc6 27. Ra7 Bb5 28. Nb3 g5 29. h3 h5 30. Qd2 g4 31. hxg4 hxg4 32. Nh2 g3 33. Ng4 Bg7 34. Qg5 gxf2+ 35. Kxf2 Kf8 36. Bd2 Bc4 37. Bf4 f6 38. Nxf6 Bxf6 39. Qg4 e5 40. Bh6+ Ke7 41. Na5 Bb5 42. Rc7 Qa8 43. Ra7 Qc8 44. Rc7 Qa8 45. Ra7 Qc8 46. Rc7 1/2-1/2

[Event "Rhein Main op-A 16th"]
[Site "Bad Homburg"]
[Date "2013.05.31"]
[Round "4"]
[White "Hristovski, Srdzan"]
[Black "Haubt, Georg"]
[Result "0-1"]
[WhiteElo "2136"]
[BlackElo "2214"]
[PlyCount "82"]
[EventDate "2013.05.29"]
[EventType "swiss"]
[EventRounds "7"]
[EventCountry "GER"]
[SourceTitle "EXT 2014"]
[Source "ChessBase"]
[SourceDate "2013.11.20"]
[SourceVersion "1"]
[SourceVersionDate "2013.11.20"]
[SourceQuality "1"]

1. d4 Nf6 2. c4 e6 3. Nf3 b6 4. Nc3 Bb4 5. e3 Ne4 6. Qc2 Bb7 7. Be2 f5 8. 0-0 Nxc3 9. bxc3 Be7 10. d5 0-0 11. e4 Na6 12. exf5 exf5 13. Nd4 g6 14. Re1 Bf6 15. Ba3 Re8 16. Rab1 Be7 17. Bxe7 Qxe7 18. Qd2 c6 19. Bf3 Qf6 20. Re2 Rxe2 21. Qxe2 Nc7 22. dxc6 Bxc6 23. Rd1 Re8 24. Qd2 Na6 25. Bd5+ Kg7 26. Nb5 Nc5 27. Nxa7 Bxd5 28. Qxd5 Qxc3 29. g3 Re2 30. Nb5 Qb2 31. Qd6 Qf6 32. Qc7 Rxa2 33. Nd6 Qe7 34. Qxb6 Qe2 35. Rf1 Qe5 36. Qb8 Re2 37. Rd1 f4 38. Qc7 f3 39. Rf1 Re1 40. h4 Rxf1+ 41. Kxf1 Qa1# 0-1

[Event "Skopje Karposh op"]
[Site "Skopje"]
[Date "2013.03.15"]
[Round "8"]
[White "Hristovski, Srdzan"]
[Black "Batkoski, Nenad"]
[Result "1-0"]
[WhiteElo "2122"]
[BlackElo "1901"]
[PlyCount "41"]
[EventDate "2013.03.09"]
[EventType "swiss"]
[EventRounds "9"]
[EventCountry "MKD"]
[SourceTitle "CBM 153 Extra"]
[Source "ChessBase"]
[SourceDate "2013.04.22"]
[SourceVersion "1"]
[SourceVersionDate "2013.04.22"]
[SourceQuality "1"]

1. d4 e6 2. c4 f5 3. g3 Nf6 4. Bg2 c6 5. Nc3 d5 6. Nf3 Bd6 7. 0-0 Ne4 8. Nd2 h5 9. Nf3 h4 10. Nxe4 fxe4 11. Bg5 Be7 12. Bxe7 Qxe7 13. Nxh4 Qf6 14. f4 Nd7 15. e3 g5 16. fxg5 Qxg5 17. Qe2 Nf6 18. Qf2 Ng4 19. Qf7+ Kd8 20. Rf4 Bd7 21. Qg6 1-0

[Event "Skopje Karposh op"]
[Site "Skopje"]
[Date "2013.03.14"]
[Round "7"]
[White "Piskur, Mitja"]
[Black "Hristovski, Srdzan"]
[Result "1-0"]
[WhiteElo "2301"]
[BlackElo "2122"]
[PlyCount "141"]
[EventDate "2013.03.09"]
[EventType "swiss"]
[EventRounds "9"]
[EventCountry "MKD"]
[SourceTitle "CBM 153 Extra"]
[Source "ChessBase"]
[SourceDate "2013.04.22"]
[SourceVersion "1"]
[SourceVersionDate "2013.04.22"]
[SourceQuality "1"]

1. Nf3 d5 2. g3 c5 3. Bg2 Nc6 4. 0-0 Nf6 5. d3 e6 6. Nbd2 Be7 7. e4 0-0 8. e5 Nd7 9. Re1 Qc7 10. Qe2 Nb4 11. Nf1 d4 12. h4 Nd5 13. N1h2 Re8 14. Ng5 Nf8 15. Qh5 Bxg5 16. Bxg5 Bd7 17. Ng4 Bc6 18. Nf6+ Nxf6 19. exf6 Bxg2 20. Kxg2 e5 21. Re4 Qc6 22. Qf3 Re6 23. h5 Nd7 24. fxg7 f6 25. Bd2 Kxg7 26. Qf5 Rh8 27. Kg1 Kf7 28. Rae1 Ree8 29. h6 Qe6 30. Qh5+ Ke7 31. Rg4 Ref8 32. Rg7+ Rf7 33. f4 Rhf8 34. b3 Kd6 35. Re4 Qe7 36. Rxf7 Rxf7 37. f5 Rf8 38. Rg4 Rf7 39. Qh1 Nb6 40. Qf3 Nd5 41. Rg8 Qd7 42. g4 Ne7 43. Rh8 Nd5 44. Kf2 Qe7 45. Ra8 a6 46. Qh1 Rf8 47. Rxf8 Qxf8 48. a4 Qe7 49. Ke2 Qd7 50. a5 Qc6 51. Qe4 Qd7 52. Kd1 Qd8 53. Ke2 Qg8 54. Kf3 Qd8 55. Kg3 Qf8 56. Kh4 Qf7 57. Qg2 Ne7 58. Qf3 Nd5 59. Qe4 Ne7 60. Qg2 Qd5 61. Kg3 Qf7 62. Kh4 Qd5 63. Kh3 Qxg2+ 64. Kxg2 Kd5 65. Kf3 Nc6 66. Be1 Ne7 67. Bh4 Ng8 68. g5 Ne7 69. g6 Nxf5 70. Bxf6 Nxh6 71. gxh7 1-0

[Event "FRM-chT 21st"]
[Site "Struga"]
[Date "2012.07.21"]
[Round "6.4"]
[White "Ilic, Mihajlo"]
[Black "Hristovski, Srdzan"]
[Result "1-0"]
[WhiteElo "2183"]
[BlackElo "2141"]
[PlyCount "109"]
[EventDate "2012.07.16"]
[EventType "team-tourn"]
[EventRounds "7"]
[EventCountry "MKD"]
[SourceTitle "CBM 149 Extra"]
[Source "ChessBase"]
[SourceDate "2012.08.24"]
[SourceVersion "1"]
[SourceVersionDate "2012.08.24"]
[SourceQuality "1"]
[WhiteTeam "Skopje Karposh"]
[BlackTeam "Kumanovo"]
[WhiteTeamCountry "MKD"]
[BlackTeamCountry "MKD"]

1. d4 d5 2. Nf3 Nf6 3. c4 e6 4. Nc3 Be7 5. g3 0-0 6. Bg2 c6 7. 0-0 Nbd7 8. b3 b6 9. Qc2 Bb7 10. Rd1 Rc8 11. e4 dxe4 12. Nxe4 Nxe4 13. Qxe4 Nf6 14. Qe2 Qc7 15. Bb2 c5 16. dxc5 Qxc5 17. Ne5 Bxg2 18. Kxg2 Rcd8 19. Qf3 Qc7 20. Nc6 Rc8 21. Nxe7+ Qxe7 22. Bxf6 gxf6 23. Rd4 Rfd8 24. Qg4+ Kf8 25. Rad1 Rxd4 26. Qxd4 Re8 27. Qd7 Qxd7 28. Rxd7 Re7 29. Rd8+ Kg7 30. Kf3 f5 31. Ke3 e5 32. Kd3 Re6 33. b4 Rc6 34. Kc3 Rc7 35. Rd6 f6 36. a4 Kf7 37. a5 bxa5 38. b5 h5 39. Ra6 h4 40. gxh4 f4 41. Rxa5 f3 42. Kb4 e4 43. c5 Ke6 44. c6 Kd6 45. Ra1 Rh7 46. Rd1+ Kc7 47. Ka5 Rxh4 48. Rd7+ Kb8 49. Rb7+ Ka8 50. Ka6 e3 51. Rxa7+ Kb8 52. c7+ Kc8 53. Kb6 Rc4 54. Ra8+ Kd7 55. Rd8+ 1-0